00476 2200169 4500001002100000008004100021035002000062245006500082100002600147260004200173300002100215020002200236084001400258082000800272650001000280990001600290INLIS000000000000006 ind  a0010-0724000006 aA Sister SecretbRahasia Seorang KakakcWanda E. Brunstetter aBrunstetter, E. Wanda aJakarta :bInspirasi Indonesia,c2012 a432 hlm.c21 cm. a978-602-19416-7-6 a813 WAN a a813 aFiksi aP29/CP/24/6